<?xml version="1.0" encoding="UTF-8"?>
<record
    xmlns:xsi="http://www.w3.org/2001/XMLSchema-instance"
    xsi:schemaLocation="http://www.loc.gov/MARC21/slim http://www.loc.gov/standards/marcxml/schema/MARC21slim.xsd"
    xmlns="http://www.loc.gov/MARC21/slim">

  <leader>01831nam a22002657a 4500</leader>
  <controlfield tag="003">DO-SdBJH</controlfield>
  <controlfield tag="005">20250627195313.0</controlfield>
  <controlfield tag="008">250625b2025    dr  |||| |||| 00| 0 spa d</controlfield>
  <datafield tag="040" ind1=" " ind2=" ">
    <subfield code="a">DO-SdBJH</subfield>
    <subfield code="b">spa</subfield>
    <subfield code="c">DO-SdBJH</subfield>
  </datafield>
  <datafield tag="041" ind1="0" ind2=" ">
    <subfield code="a">spa</subfield>
  </datafield>
  <datafield tag="090" ind1=" " ind2=" ">
    <subfield code="a">TG EGEMERD</subfield>
    <subfield code="b">02415 2024</subfield>
  </datafield>
  <datafield tag="100" ind1="1" ind2=" ">
    <subfield code="a">Estrella Erazo, Ricardo J.</subfield>
    <subfield code="e">sustentante</subfield>
  </datafield>
  <datafield tag="245" ind1="1" ind2="0">
    <subfield code="a">Apoyo del Ej&#xE9;rcito de Rep&#xFA;blica Dominicana a las pol&#xED;ticas de la Direcci&#xF3;n General de Migraci&#xF3;n y su impacto social en la provincia Independencia :</subfield>
    <subfield code="b">2001-2022 /</subfield>
    <subfield code="c">Ricardo J. Estrella Erazo, Genaro Antonio S&#xE1;nchez Castillo ; asesor metodol&#xF3;gico Fanny Torres R. ; asesor de contenido Jos&#xE9; Guillermo Guerrero Pe&#xF1;a.</subfield>
  </datafield>
  <datafield tag="260" ind1=" " ind2=" ">
    <subfield code="a">Santo Domingo, Rep&#xFA;blica Domingo :</subfield>
    <subfield code="b">UNADE,</subfield>
    <subfield code="c">2025.</subfield>
  </datafield>
  <datafield tag="300" ind1=" " ind2=" ">
    <subfield code="a">xv, 174 p&#xE1;ginas.</subfield>
  </datafield>
  <datafield tag="500" ind1=" " ind2=" ">
    <subfield code="a">Incluye ap&#xE9;ndice y glosario.</subfield>
  </datafield>
  <datafield tag="502" ind1=" " ind2=" ">
    <subfield code="a">Tesis y trabajos de grado (Especialidad en Comando y Estado Mayor para Fuerzas Terrestres)--Universidad Nacional para la Defensa "General Juan Pablo Duarte y D&#xED;ez", 2024.</subfield>
  </datafield>
  <datafield tag="504" ind1=" " ind2=" ">
    <subfield code="a">Incluye referencias bibliogr&#xE1;ficas y anexos. </subfield>
  </datafield>
  <datafield tag="505" ind1=" " ind2=" ">
    <subfield code="a">Pol&#xED;ticas migratorias aplicadas por la Direcci&#xF3;n General de Migraci&#xF3;n -- Rol del Ej&#xE9;rcito de Rep&#xFA;blica Dominicana en la consecuci&#xF3;n de las pol&#xED;ticas migratorias en Rep&#xFA;blica Dominicana -- Impacto de las acciones del Ej&#xE9;rcito de Rep&#xFA;blica Dominicana en apoyo a la Direcci&#xF3;n General de Migraci&#xF3;n en la provincia Independencia (2021-2022).</subfield>
  </datafield>
  <datafield tag="700" ind1="1" ind2=" ">
    <subfield code="a">S&#xE1;nchez Castillo, Genaro Antonio</subfield>
    <subfield code="e">sustentante</subfield>
  </datafield>
  <datafield tag="700" ind1="1" ind2=" ">
    <subfield code="a">Torres R., Fanny</subfield>
    <subfield code="e">asesor metodol&#xF3;gico</subfield>
  </datafield>
  <datafield tag="700" ind1="1" ind2=" ">
    <subfield code="a">Guerrero Pe&#xF1;a, Jos&#xE9; Guillermo</subfield>
    <subfield code="e">asesor de contenido</subfield>
  </datafield>
  <datafield tag="830" ind1=" " ind2=" ">
    <subfield code="a">Tesis y disertaciones acad&#xE9;micas (Universidad Nacional para la Defensa "General Juan Pablo Duarte y D&#xED;ez). Escuela de Graduados de Estudios Militares del Ej&#xE9;rcito de Rep&#xFA;blica Dominicana.</subfield>
    <subfield code="9">21</subfield>
  </datafield>
  <datafield tag="942" ind1=" " ind2=" ">
    <subfield code="2">CL</subfield>
    <subfield code="c">T</subfield>
  </datafield>
  <datafield tag="999" ind1=" " ind2=" ">
    <subfield code="c">8309</subfield>
    <subfield code="d">8309</subfield>
  </datafield>
  <datafield tag="952" ind1=" " ind2=" ">
    <subfield code="0">0</subfield>
    <subfield code="1">0</subfield>
    <subfield code="2">CL</subfield>
    <subfield code="4">0</subfield>
    <subfield code="7">0</subfield>
    <subfield code="8">TG</subfield>
    <subfield code="a">BJHA</subfield>
    <subfield code="b">BJHA</subfield>
    <subfield code="c">GEN</subfield>
    <subfield code="d">2025-06-25</subfield>
    <subfield code="i">24-02415</subfield>
    <subfield code="l">0</subfield>
    <subfield code="o">TG EGEMERD 02415 2024</subfield>
    <subfield code="p">24-02415</subfield>
    <subfield code="r">2025-06-25 20:23:46</subfield>
    <subfield code="t">1</subfield>
    <subfield code="w">2025-06-25</subfield>
    <subfield code="y">T</subfield>
  </datafield>
</record>
